[Event "Open de Provence 2015 A"]
[Site "Salon de Provence"]
[Date "2015.07.04"]
[Round "4.9"]
[White "Derige Kane, Yan"]
[Black "Baroyan, Davit"]
[Result "0-1"]
[WhiteElo "1940"]
[BlackElo "1978"]
[PlyCount "92"]
[EventDate "2015.??.??"]

1. d4 d5 2. c4 e6 3. Nc3 c6 4. e3 Nf6 5. Nf3 Nbd7 6. Qc2 Bd6 7. Bd3 O-O 8. O-O
e5 9. cxd5 cxd5 10. dxe5 Nxe5 11. Nxe5 Bxe5 12. h3 b6 13. e4 Bb7 14. exd5 Bxc3
15. bxc3 Qxd5 16. f3 Rfd8 17. Rd1 Qc5+ 18. Kh1 h6 19. Bf4 Nd5 20. Be4 Nxf4 21.
Bxb7 Rab8 22. Be4 Qg5 23. Qf2 Qf6 24. Qe3 Nh5 25. Rd4 Ng3+ 26. Kg1 Rxd4 27.
cxd4 Qxd4 28. Qxd4 Ne2+ 29. Kf2 Nxd4 30. Rd1 Rd8 31. Rd3 Ne6 32. Rxd8+ Nxd8 33.
Ke3 Ne6 34. h4 Kf8 35. g4 Ke7 36. Bd5 Kd6 37. Bb3 b5 38. h5 a5 39. f4 a4 40.
Bc2 a3 41. Bb3 b4 42. f5 Nc5 43. Bxf7 b3 44. Kd2 b2 45. Kc2 Ne4 46. Bc4 Nd2 0-1

[Event "Open de Provence 2015 A"]
[Site "Salon de Provence"]
[Date "2015.07.04"]
[Round "4.10"]
[White "Gomez, Jose"]
[Black "Kizil, Yilmaz"]
[Result "1-0"]
[WhiteElo "1967"]
[BlackElo "1704"]
[PlyCount "75"]
[EventDate "2015.??.??"]

1. e4 c5 2. Nf3 Nc6 3. Nc3 g6 4. d4 cxd4 5. Nxd4 Nf6 6. Nxc6 bxc6 7. e5 Nd5 8.
Nxd5 cxd5 9. Qxd5 Rb8 10. Bc4 e6 11. Qd4 Bb7 12. O-O Qc7 13. Rd1 Qc6 14. Bf1
Bc5 15. Qf4 f6 16. exf6 O-O 17. b4 Rxf6 18. Qxb8+ Rf8 19. Qg3 Bxf2+ 20. Qxf2
Rxf2 21. Kxf2 Qxc2+ 22. Bd2 d5 23. Kg1 d4 24. Rac1 Qe4 25. Re1 Qg4 26. Rc7 Bd5
27. Bh6 Qh4 28. Bd2 d3 29. Re3 Qd4 30. Rc3 Bc4 31. Kh1 e5 32. Bxd3 Bxd3 33.
Rexd3 Qf2 34. Rc1 Qe2 35. Rd7 a6 36. Bh6 e4 37. Rg7+ Kh8 38. Rf7 1-0

[Event "Open de Provence 2015 A"]
[Site "Salon de Provence"]
[Date "2015.07.04"]
[Round "4.11"]
[White "Rihouey, Franck"]
[Black "Piat, Jean-Pascal"]
[Result "1-0"]
[WhiteElo "1862"]
[BlackElo "1815"]
[PlyCount "71"]
[EventDate "2015.??.??"]

1. d4 d5 2. Nf3 c6 3. e3 f5 4. c4 e6 5. cxd5 exd5 6. Ne5 Nf6 7. Bd3 Bd6 8. f4
O-O 9. O-O Qe8 10. b3 Qe7 11. a4 Ne4 12. Ba3 Bxa3 13. Nxa3 Rf6 14. Nc2 Be6 15.
Ne1 Bf7 16. Rc1 Rh6 17. Nxf7 Qxf7 18. b4 a6 19. b5 axb5 20. axb5 Nd7 21. bxc6
bxc6 22. Bxe4 fxe4 23. Rf2 Nb6 24. Ra1 Rc8 25. Rfa2 Qe8 26. Ra7 Ra8 27. Rxa8
Nxa8 28. Qb3 Qc8 29. Ra7 Rf6 30. Qb7 Qxb7 31. Rxb7 Rf8 32. Nc2 Rd8 33. Nb4 h5
34. Na6 Kf8 35. Kf2 g6 36. Kg3 1-0

[Event "Open de Provence 2015 A"]
[Site "Salon de Provence"]
[Date "2015.07.04"]
[Round "4.12"]
[White "Loysel, Yves"]
[Black "Escafre, Stephane"]
[Result "1/2-1/2"]
[WhiteElo "1723"]
[BlackElo "1795"]
[PlyCount "87"]
[EventDate "2015.??.??"]

1. e4 e6 2. Qe2 d5 3. exd5 Qxd5 4. Nc3 Qd8 5. g3 Bd7 6. Bg2 Bc6 7. Nf3 Nf6 8.
O-O Bd6 9. d3 O-O 10. Bg5 h6 11. Bxf6 Qxf6 12. Rab1 Nd7 13. Ne4 Qe7 14. Rfe1
Rfd8 15. c3 Bxe4 16. dxe4 c6 17. Qc2 Ne5 18. Nxe5 Bxe5 19. Rbd1 Rac8 20. f4 Bc7
21. Kh1 Rxd1 22. Rxd1 Rd8 23. Qe2 g5 24. Rxd8+ Qxd8 25. e5 gxf4 26. gxf4 Qh4
27. Qe3 Kf8 28. Qg3 Qd8 29. Bf3 Qd2 30. Qh4 Qc1+ 31. Kg2 Qxb2+ 32. Kg3 Qxc3 33.
Qxh6+ Ke8 34. Qh8+ Kd7 35. Qf6 Qe1+ 36. Kg2 Qd2+ 37. Kg3 Qe1+ 38. Kg2 Qd2+ 39.
Kg3 Bd8 40. Qxf7+ Be7 41. Bh5 Qe1+ 42. Kg2 Qd2+ 43. Kg3 Qe1+ 44. Kg2 1/2-1/2

[Event "Open de Provence 2015 A"]
[Site "Salon de Provence"]
[Date "2015.07.04"]
[Round "4.13"]
[White "Porte, Jacques"]
[Black "Baquer, Marc"]
[Result "0-1"]
[WhiteElo "1446"]
[BlackElo "1781"]
[PlyCount "78"]
[EventDate "2015.??.??"]

1. d4 {[%emt 0:00:00]} Nf6 2. Nf3 g6 3. Nc3 Bg7 4. Bf4 d6 5. Qd2 O-O 6. e4 c5
7. d5 a6 8. Be2 b5 9. a3 Bd7 10. e5 Ne8 11. Bh6 Qc7 12. Bxg7 Kxg7 13. Qf4 dxe5
14. Qh4 Nf6 15. Qg3 Qd6 16. Qxe5 Bf5 17. Bd3 Bxd3 18. cxd3 Qxe5+ 19. Nxe5 Rd8
20. b4 Nxd5 21. Nxd5 Rxd5 22. Nf3 cxb4 23. d4 Nc6 24. axb4 Nxd4 25. Nxd4 Rxd4
26. Rb1 Rc8 27. O-O Rcc4 28. Ra1 Rxb4 29. Rxa6 Rb2 30. Raa1 Rdd2 31. Rad1 Rxd1
32. Rxd1 b4 33. g3 b3 34. Rd7 Rb1+ 35. Kg2 b2 36. Rb7 h5 37. h4 e6 38. f4 Kf6
39. Kf2 Rh1 0-1

[Event "Open de Provence 2015 A"]
[Site "Salon de Provence"]
[Date "2015.07.04"]
[Round "4.14"]
[White "Salvi, Michel"]
[Black "Derien, Robert"]
[Result "1-0"]
[WhiteElo "1771"]
[BlackElo "1626"]
[PlyCount "102"]
[EventDate "2015.??.??"]

1. e4 d6 2. c3 g6 3. d4 Bg7 4. Nd2 Nf6 5. Bc4 O-O 6. Bb3 Nbd7 7. f4 e6 8. Ngf3
c5 9. O-O b5 10. Bc2 Bb7 11. Kh1 Qc7 12. Qe2 a6 13. Bb1 Rfe8 14. e5 dxe5 15.
fxe5 Nd5 16. Ne4 Re7 17. Nd6 Rf8 18. Bg5 f6 19. Bh4 Ba8 20. a4 Bc6 21. axb5
axb5 22. Nxb5 Qb6 23. Nd6 Nb8 24. Ba2 Ra7 25. exf6 Nf4 26. Bxe6+ Nxe6 27. Qxe6+
Kh8 28. fxg7+ Kxg7 29. Ne8+ Rxe8 30. Bf6+ Kf8 31. Qd6+ Kg8 32. Rxa7 Qxa7 33.
Ne5 Be4 34. dxc5 Qb7 35. Qd2 Nc6 36. Nxc6 Qxc6 37. b4 Qe6 38. Bd4 Qg4 39. Qa2+
Qe6 40. Qxe6+ Rxe6 41. b5 Bd5 42. c6 Re2 43. Rg1 Re7 44. Bc5 Re2 45. c7 Re8 46.
Rf1 Bb7 47. c4 Re2 48. Bf2 Kg7 49. Bb6 Bc8 50. Rd1 Re6 51. Kg1 Kf7 1-0

[Event "Open de Provence 2015 A"]
[Site "Salon de Provence"]
[Date "2015.07.04"]
[Round "4.15"]
[White "Duval, Jean-Pierre"]
[Black "Morris, Keith"]
[Result "1-0"]
[WhiteElo "1757"]
[BlackElo "1715"]
[PlyCount "69"]
[EventDate "2015.??.??"]

1. d4 d5 2. e3 Nf6 3. Bd3 c5 4. c3 Nc6 5. f4 e6 6. Nf3 Be7 7. Nbd2 h6 8. O-O
O-O 9. Ne5 cxd4 10. exd4 Bd7 11. Qe2 Nxe5 12. fxe5 Nh7 13. Nf3 f5 14. exf6 Bxf6
15. Bf4 Qe7 16. Ne5 Bxe5 17. Bxe5 Rxf1+ 18. Rxf1 Rf8 19. Rxf8+ Nxf8 20. Qg4 Qg5
21. Qxg5 hxg5 22. Bc7 Nh7 23. Kf2 Nf6 24. Kf3 Kf7 25. Bg3 a6 26. Be1 g6 27. Bd2
Nh7 28. g3 Kf6 29. h4 gxh4 30. gxh4 Be8 31. Bh6 e5 32. dxe5+ Kxe5 33. h5 Kf6
34. Ke3 gxh5 35. Bxh7 1-0

[Event "Open de Provence 2015 A"]
[Site "Salon de Provence"]
[Date "2015.07.04"]
[Round "4.16"]
[White "Catot, Olivier"]
[Black "Dhamelincourt, Thomas"]
[Result "1-0"]
[WhiteElo "1601"]
[BlackElo "1550"]
[PlyCount "115"]
[EventDate "2015.??.??"]

1. d4 Nf6 2. Nf3 e6 3. e3 d5 4. Nbd2 Bd6 5. Bd3 O-O 6. O-O Nc6 7. b3 Nb4 8. Be2
Ne4 9. Bb2 a5 10. a3 Nc6 11. Bd3 f5 12. Ne5 Nb8 13. Ndf3 Bd7 14. Nxd7 Nxd7 15.
Ne5 Ndf6 16. Qe1 Qb8 17. f3 Ng5 18. Qg3 Nf7 19. Rae1 Nd7 20. f4 Nf6 21. Qh4 Qd8
22. Rf3 Ne8 23. Qh3 Bxe5 24. dxe5 g5 25. Rg3 g4 26. Rxg4+ Kh8 27. Rh4 h6 28.
Rxh6+ Nxh6 29. Qxh6+ Kg8 30. Qxe6+ Rf7 31. Bxf5 Ng7 32. Bh7+ Kf8 33. Qh6 Ra6
34. e6 Qe7 35. Bxg7+ Rxg7 36. f5 Qg5 37. Qxg5 Rxg5 38. Rd1 Rd6 39. Bg6 Ke7 40.
h3 c5 41. g4 b5 42. Kf2 Kf6 43. Kf3 Rxg6 44. fxg6 Kxg6 45. Kf4 Rxe6 46. Rxd5
Rc6 47. h4 b4 48. a4 c4 49. Rxa5 cxb3 50. cxb3 Rc3 51. Rb5 Rxb3 52. Rb6+ Kg7
53. Kg5 Rb1 54. h5 b3 55. h6+ Kf7 56. Rb7+ Ke6 57. h7 Rh1 58. Kg6 1-0

[Event "Open de Provence 2015 A"]
[Site "Salon de Provence"]
[Date "2015.07.04"]
[Round "5.1"]
[White "Dudognon, Thibault"]
[Black "Midoux, Sebastien"]
[Result "0-1"]
[WhiteElo "2164"]
[BlackElo "2316"]
[PlyCount "102"]
[EventDate "2015.??.??"]

1. e4 e5 2. Nf3 Nc6 3. Bb5 Bc5 4. O-O Nd4 5. Nxd4 Bxd4 6. c3 Bb6 7. d3 c6 8.
Ba4 Nf6 9. Qe2 O-O 10. Bg5 h6 11. Bh4 g5 12. Bg3 d6 13. h3 Kg7 14. Kh1 Ng8 15.
Nd2 Ne7 16. Nc4 Bc7 17. Ne3 f5 18. exf5 Nxf5 19. Nxf5+ Bxf5 20. Rad1 Re8 21. f3
Qd7 22. Qd2 d5 23. d4 e4 24. fxe4 Bxe4 25. Bxc7 Qxc7 26. Qf2 Rf8 27. Qg1 Rf4
28. Rxf4 gxf4 29. Qf2 Rf8 30. Rg1 Qd7 31. Kh2 Qf5 32. Bd1 Rf6 33. Qh4 Qg5 34.
Qg4 Bf5 35. Qxg5+ hxg5 36. Re1 Be4 37. Bg4 Rf7 38. c4 Kf6 39. cxd5 Bxd5 40. b4
Re7 41. Rxe7 Kxe7 42. a3 Kd6 43. g3 Be4 44. Bc8 b5 45. gxf4 gxf4 46. h4 Kd5 47.
h5 Kxd4 48. Bb7 f3 49. h6 f2 50. h7 Bxh7 51. Kg2 Ke3 0-1

[Event "Open de Provence 2015 A"]
[Site "Salon de Provence"]
[Date "2015.07.04"]
[Round "5.2"]
[White "Jeanjean, Dominique"]
[Black "Barret, Simon"]
[Result "0-1"]
[WhiteElo "2077"]
[BlackElo "2161"]
[PlyCount "60"]
[EventDate "2015.??.??"]

1. e4 e6 2. d4 d5 3. Nd2 c5 4. exd5 Qxd5 5. Ngf3 cxd4 6. Bc4 Qd6 7. O-O Nf6 8.
Nb3 Nc6 9. Nbxd4 Nxd4 10. Nxd4 a6 11. Be2 Qc7 12. Bf3 Bd6 13. h3 O-O 14. Bg5
Nd7 15. c3 h6 16. Bd2 Ne5 17. Be4 f5 18. Bc2 Nc4 19. Bb3 Kh8 20. a4 e5 21. Nf3
Be6 22. Nh4 Rf6 23. Bc1 e4 24. Qe2 g5 25. Bxg5 hxg5 26. Qh5+ Qh7 27. Qxg5 Be5
28. Bxc4 Bxc4 29. Rfd1 Rg8 30. Qe3 Qxh4 0-1

[Event "Open de Provence 2015 A"]
[Site "Salon de Provence"]
[Date "2015.07.04"]
[Round "5.3"]
[White "Petrossian, Armen"]
[Black "Gomez, Jose"]
[Result "1-0"]
[WhiteElo "2419"]
[BlackElo "1967"]
[PlyCount "47"]
[EventDate "2015.??.??"]

1. e4 e6 2. d4 d5 3. Nc3 Nf6 4. Bg5 Be7 5. e5 Nfd7 6. h4 O-O 7. Qg4 f6 8. exf6
Nxf6 9. Qe2 c5 10. Nf3 Nc6 11. dxc5 Qa5 12. O-O-O Bxc5 13. Kb1 Ng4 14. Be3 Bb4
15. Bd2 Qb6 16. Ng5 Bxc3 17. Bxc3 e5 18. Rxd5 Rxf2 19. Qc4 Kh8 20. Rd2 Nh6 21.
Rxf2 Qxf2 22. Bd3 Bg4 23. Rf1 Qxh4 24. Qe4 1-0

[Event "Open de Provence 2015 A"]
[Site "Salon de Provence"]
[Date "2015.07.04"]
[Round "5.4"]
[White "Joubert, Leo"]
[Black "Merenciano, Alexandre"]
[Result "1/2-1/2"]
[WhiteElo "1843"]
[BlackElo "2188"]
[PlyCount "74"]
[EventDate "2015.??.??"]

1. c4 Nf6 2. g3 c5 3. Bg2 d5 4. cxd5 Nxd5 5. Nc3 Nc7 6. Nf3 Nc6 7. O-O e5 8. d3
Be7 9. Be3 Ne6 10. Rc1 Bd7 11. Nd5 Rc8 12. Nxe7 Qxe7 13. a3 O-O 14. Bd2 f6 15.
Bc3 b5 16. Ne1 b4 17. Bd2 Kh8 18. Nc2 a5 19. Ne3 Rb8 20. axb4 Nxb4 21. Nd5 Qd6
22. Ne3 Nd4 23. Nc4 Qc7 24. e3 Ndc6 25. Bxb4 Rxb4 26. f4 exf4 27. Rxf4 Ne5 28.
Qd2 Rfb8 29. Nxe5 Qxe5 30. Rxb4 Rxb4 31. Ra1 Rxb2 32. Qxa5 Qxe3+ 33. Kh1 Rb8
34. Qc7 Qe5 35. Qxe5 fxe5 36. Be4 Bh3 37. Rg1 Rf8 1/2-1/2

[Event "Open de Provence 2015 A"]
[Site "Salon de Provence"]
[Date "2015.07.04"]
[Round "5.5"]
[White "Busson, Benoist"]
[Black "Rayne, Remy"]
[Result "1/2-1/2"]
[WhiteElo "1940"]
[BlackElo "2181"]
[PlyCount "29"]
[EventDate "2015.??.??"]

1. e4 c6 2. d4 d5 3. f3 e5 4. dxe5 Bc5 5. Nc3 Qb6 6. Na4 Bf2+ 7. Ke2 Qd4 8.
Qxd4 Bxd4 9. Be3 Bxe5 10. exd5 cxd5 11. c3 b6 12. Bd4 Bxd4 13. cxd4 Nf6 14. Kf2
O-O 15. Bb5 1/2-1/2

[Event "Open de Provence 2015 A"]
[Site "Salon de Provence"]
[Date "2015.07.04"]
[Round "5.6"]
[White "Chauvet, Vincent"]
[Black "Benavides, Jeremy"]
[Result "1-0"]
[WhiteElo "2146"]
[BlackElo "1868"]
[PlyCount "119"]
[EventDate "2015.??.??"]

1. d4 Nf6 2. c4 g6 3. Nc3 Bg7 4. e4 d6 5. f3 O-O 6. Be3 Nbd7 7. Qd2 c5 8. Nge2
cxd4 9. Nxd4 Nc5 10. Be2 Nfd7 11. O-O Ne5 12. Rab1 a5 13. b3 f5 14. exf5 Bxf5
15. Nxf5 gxf5 16. Bh6 Bxh6 17. Qxh6 e6 18. f4 Nc6 19. Qh3 Qf6 20. Qe3 b6 21.
Rbd1 Rad8 22. g3 Rfe8 23. Bf3 e5 24. Nd5 Qg7 25. fxe5 Nxe5 26. Qf4 Nxf3+ 27.
Qxf3 Re5 28. Qh5 f4 29. Qh4 Ne6 30. Nxf4 Qg5 31. Qxg5+ Nxg5 32. Kg2 b5 33. cxb5
Rxb5 34. Rd5 Rxd5 35. Nxd5 a4 36. b4 Kg7 37. h4 Ne4 38. Re1 Nf6 39. Nxf6 Kxf6
40. b5 Rb8 41. Rb1 Rb6 42. g4 Ke5 43. Rb4 a3 44. Kf3 d5 45. Ke3 h6 46. h5 Rf6
47. b6 d4+ 48. Ke2 Rf4 49. Rb3 Rf8 50. b7 Rb8 51. Kd3 Kd5 52. Rb4 Kc5 53. Rb1
Kd5 54. g5 hxg5 55. h6 g4 56. h7 g3 57. h8=Q Rxh8 58. b8=Q Rxb8 59. Rxb8 Ke5
60. Rf8 1-0

[Event "Open de Provence 2015 A"]
[Site "Salon de Provence"]
[Date "2015.07.04"]
[Round "5.7"]
[White "Kolb, Sebastien"]
[Black "Rihouey, Franck"]
[Result "1-0"]
[WhiteElo "2077"]
[BlackElo "1862"]
[PlyCount "101"]
[EventDate "2015.??.??"]

1. e4 d5 2. exd5 Qxd5 3. Nc3 Qd6 4. d4 Nf6 5. Nf3 a6 6. g3 Bg4 7. Bg2 Nc6 8. d5
Nb4 9. O-O O-O-O 10. h3 Bxf3 11. Bxf3 Nbxd5 12. Nxd5 Nxd5 13. Qe2 e6 14. Rd1
Qb6 15. c4 Nf6 16. Rxd8+ Kxd8 17. Be3 Bc5 18. Bxc5 Qxc5 19. Bxb7 Qb6 20. Rd1+
Ke7 21. Bf3 Rd8 22. Rxd8 Kxd8 23. Qd2+ Ke7 24. b4 c5 25. a3 cxb4 26. axb4 h6
27. c5 Qb8 28. Qd4 Qc7 29. Qc4 a5 30. b5 Nd7 31. c6 Nb6 32. Qc5+ Ke8 33. Qc3 a4
34. Qxg7 a3 35. Bh5 a2 36. Qg8+ Ke7 37. Qxf7+ Kd6 38. Qf4+ Kc5 39. Qxc7 a1=Q+
40. Kg2 Kxb5 41. Be2+ Kc5 42. Qe7+ Kxc6 43. Qxe6+ Kc5 44. Qxh6 Qb2 45. Qf8+ Kd5
46. Bf3+ Ke6 47. Bg4+ Kd5 48. Qf5+ Kc4 49. Qe4+ Kc5 50. Bf3 Nc4 51. Qd5+ 1-0

[Event "Open de Provence 2015 A"]
[Site "Salon de Provence"]
[Date "2015.07.04"]
[Round "5.8"]
[White "Baroyan, Davit"]
[Black "Maccagnan, Tomas"]
[Result "1-0"]
[WhiteElo "1978"]
[BlackElo "1822"]
[PlyCount "91"]
[EventDate "2015.??.??"]

1. d4 Nf6 2. c4 c5 3. d5 b5 4. cxb5 a6 5. bxa6 Bxa6 6. Nc3 g6 7. e4 Bxf1 8.
Kxf1 d6 9. g3 Bg7 10. Kg2 Nbd7 11. Nf3 O-O 12. h3 Ra6 13. Qc2 Qa8 14. Rd1 e6
15. Bf4 e5 16. Bc1 Ne8 17. a4 Nc7 18. Ra3 Rb8 19. h4 h6 20. Nd2 Rb4 21. Rb3
Rab6 22. Rxb4 Rxb4 23. b3 Nb6 24. Ba3 Rd4 25. Ne2 f5 26. Nxd4 exd4 27. f3 Qa6
28. Nc4 Nd7 29. exf5 Nxd5 30. Qe4 N7f6 31. Qe6+ Kh8 32. Kf2 Nc3 33. Rd3 g5 34.
Rxc3 dxc3 35. Qxd6 Qxd6 36. Nxd6 Bf8 37. Nc4 Nd5 38. a5 Nb4 39. Bxb4 cxb4 40.
Ke2 Bc5 41. Kd3 Bf2 42. a6 Ba7 43. Ne5 Kg7 44. Nc6 Bb6 45. a7 Bxa7 46. Nxa7 1-0

[Event "Open de Provence 2015 A"]
[Site "Salon de Provence"]
[Date "2015.07.04"]
[Round "5.9"]
[White "Jullien, Patrick"]
[Black "Faure, Alexandre"]
[Result "0-1"]
[WhiteElo "1553"]
[BlackElo "2006"]
[PlyCount "54"]
[EventDate "2015.??.??"]

1. e4 e6 2. d4 d5 3. Nd2 Nf6 4. e5 Nfd7 5. Ngf3 c5 6. c3 Nc6 7. Bd3 Qb6 8. dxc5
Bxc5 9. Qe2 Qc7 10. Bb5 O-O 11. Bxc6 bxc6 12. O-O a5 13. Re1 Ba6 14. c4 a4 15.
b3 axb3 16. axb3 Bxc4 17. Rxa8 Bxe2 18. Rxf8+ Kxf8 19. Rxe2 Qa7 20. Nf1 Qb6 21.
Rb2 Ba3 22. Rb1 Bxc1 23. Rxc1 Nc5 24. Ne3 Nd3 25. Rc3 Nf4 26. Rc2 Qxb3 27. g3
Qb1+ 0-1

[Event "Open de Provence 2015 A"]
[Site "Salon de Provence"]
[Date "2015.07.04"]
[Round "5.10"]
[White "Baquer, Marc"]
[Black "Salvi, Michel"]
[Result "0-1"]
[WhiteElo "1781"]
[BlackElo "1771"]
[PlyCount "46"]
[EventDate "2015.??.??"]

1. d4 c5 2. d5 Nf6 3. Bg5 d6 4. Bxf6 exf6 5. c4 g6 6. Nc3 Bg7 7. e4 O-O 8. Bd3
Na6 9. a3 Nc7 10. h4 h5 11. f4 Bg4 12. Be2 Bxe2 13. Qxe2 f5 14. O-O-O Bxc3 15.
bxc3 fxe4 16. g4 Qf6 17. Qe3 b5 18. gxh5 b4 19. cxb4 cxb4 20. hxg6 bxa3 21.
Qxa3 Qxf4+ 22. Kc2 e3 23. Ne2 Qxc4+ 0-1

[Event "Open de Provence 2015 A"]
[Site "Salon de Provence"]
[Date "2015.07.04"]
[Round "5.11"]
[White "Colandrea, Sauveur"]
[Black "Derige Kane, Yan"]
[Result "0-1"]
[WhiteElo "1765"]
[BlackElo "1940"]
[PlyCount "66"]
[EventDate "2015.??.??"]

1. e4 e5 2. Nf3 Nc6 3. d4 exd4 4. Nxd4 Qh4 5. Be3 a6 6. Nd2 Nf6 7. g3 Qg4 8.
Be2 Qg6 9. O-O Ne5 10. h3 d6 11. Kh2 Be7 12. Rg1 c5 13. N4f3 Nfd7 14. Ne1 Nb6
15. f4 Qh6 16. g4 Nc6 17. Ng2 Bf6 18. Nf1 Nd4 19. c3 Nxe2 20. Qxe2 g6 21. Rd1
Be7 22. Bc1 Bd7 23. Nfe3 O-O-O 24. Qf3 Qg7 25. Nd5 Nxd5 26. exd5 f5 27. Ne3
fxg4 28. hxg4 h5 29. Kg2 hxg4 30. Nxg4 Rh4 31. Kf2 Rdh8 32. Ne3 Qf6 33. Qe4
Rxf4+ 0-1

[Event "Open de Provence 2015 A"]
[Site "Salon de Provence"]
[Date "2015.07.04"]
[Round "5.12"]
[White "Escafre, Stephane"]
[Black "Duval, Jean-Pierre"]
[Result "1/2-1/2"]
[WhiteElo "1795"]
[BlackElo "1757"]
[PlyCount "55"]
[EventDate "2015.??.??"]

1. e4 e6 2. d4 d5 3. exd5 exd5 4. Bd3 Bd6 5. Ne2 Qf6 6. Nd2 Bg4 7. O-O Nc6 8.
c3 O-O-O 9. Re1 Qh4 10. g3 Qh5 11. f3 Bxf3 12. Nxf3 Qxf3 13. Rf1 Qh5 14. Rf5
Qh3 15. Nf4 Bxf4 16. Rh5 Qxh5 17. Qxh5 Bxc1 18. Rxc1 g6 19. Qf3 f5 20. b4 Nf6
21. b5 Na5 22. Re1 Ne4 23. a4 Rhe8 24. Rd1 Nb3 25. Kg2 Nbd2 26. Qf4 Nb3 27. Qf3
Nbd2 28. Qf4 1/2-1/2

[Event "Open de Provence 2015 A"]
[Site "Salon de Provence"]
[Date "2015.07.04"]
[Round "5.13"]
[White "Kizil, Yilmaz"]
[Black "Loysel, Yves"]
[Result "1-0"]
[WhiteElo "1704"]
[BlackElo "1723"]
[PlyCount "39"]
[EventDate "2015.??.??"]

1. e4 c5 2. Nc3 e6 3. Bc4 Nc6 4. f4 Nge7 5. Nf3 g6 6. a4 a6 7. d3 Bg7 8. f5 O-O
9. O-O exf5 10. Qe1 Ne5 11. Nxe5 Bxe5 12. Qh4 Qe8 13. Bg5 Nc6 14. Nd5 Nd4 15.
Qh6 Ne6 16. Nf6+ Bxf6 17. Bxf6 Qd8 18. Bxd8 Rxd8 19. exf5 Ng7 20. f6 1-0

[Event "Open de Provence 2015 A"]
[Site "Salon de Provence"]
[Date "2015.07.04"]
[Round "5.15"]
[White "Fournier, Alain"]
[Black "Catot, Olivier"]
[Result "0-1"]
[WhiteElo "1589"]
[BlackElo "1601"]
[PlyCount "62"]
[EventDate "2015.??.??"]

1. b3 Nf6 2. Bb2 e6 3. g3 d5 4. Bg2 Be7 5. e3 c5 6. Ne2 Nc6 7. d3 Bd7 8. Nd2
Qc7 9. c4 Nb4 10. Nc1 dxc4 11. Nxc4 Bc6 12. Be5 Qd7 13. f3 Rd8 14. d4 b5 15.
Nd2 cxd4 16. Bxd4 Ba8 17. O-O O-O 18. a3 Nc6 19. Bc3 Nd5 20. Ne4 f5 21. Ne2
fxe4 22. fxe4 Rxf1+ 23. Qxf1 Nxe3 24. Qf4 Nxg2 25. Kxg2 Rf8 26. Qg4 Bf6 27.
Bxf6 Rxf6 28. Ra2 Ne7 29. h4 Qd3 30. Rb2 Bxe4+ 31. Kg1 Qd1+ 0-1

[Event "Open de Provence 2015 A"]
[Site "Salon de Provence"]
[Date "2015.07.04"]
[Round "5.16"]
[White "Derien, Robert"]
[Black "Dhamelincourt, Thomas"]
[Result "0-1"]
[WhiteElo "1626"]
[BlackElo "1550"]
[PlyCount "44"]
[EventDate "2015.??.??"]

1. e4 e6 2. d4 d5 3. Nd2 c5 4. c3 Nc6 5. Ngf3 cxd4 6. cxd4 Bb4 7. Bb5 Bd7 8.
exd5 exd5 9. O-O Nge7 10. a3 Ba5 11. b4 Bb6 12. Nb3 O-O 13. Nc5 Bxc5 14. dxc5
Bg4 15. Bf4 Nf5 16. Qd3 Bxf3 17. Qxf5 Nd4 18. Qd3 Ne2+ 19. Kh1 Bxg2+ 20. Kxg2
Nxf4+ 21. Kh1 Nxd3 22. Bxd3 Qf6 0-1

[Event "Open de Provence 2015 A"]
[Site "Salon de Provence"]
[Date "2015.07.04"]
[Round "6.1"]
[White "Midoux, Sebastien"]
[Black "Barret, Simon"]
[Result "1/2-1/2"]
[WhiteElo "2316"]
[BlackElo "2161"]
[PlyCount "54"]
[EventDate "2015.??.??"]

1. Nf3 d5 2. g3 Nc6 3. d4 Bg4 4. Bg2 Qd7 5. h3 Bxf3 6. Bxf3 e6 7. c3 f5 8. Be3
Nf6 9. Nd2 Be7 10. Qc2 Nd8 11. Rg1 Nf7 12. Bh1 g5 13. O-O-O O-O-O 14. f3 Kb8
15. Bf2 Rdf8 16. e4 f4 17. e5 Nh5 18. g4 Ng7 19. Bg2 Re8 20. Rge1 b6 21. Bf1 c6
22. Kb1 b5 23. a4 a6 24. Bd3 h6 25. Bf1 Nd8 26. Bd3 Nb7 27. Rh1 Qc7 1/2-1/2

[Event "Open de Provence 2015 A"]
[Site "Salon de Provence"]
[Date "2015.07.04"]
[Round "6.2"]
[White "Chauvet, Vincent"]
[Black "Petrossian, Armen"]
[Result "0-1"]
[WhiteElo "2146"]
[BlackElo "2419"]
[PlyCount "62"]
[EventDate "2015.??.??"]

1. d4 d5 2. c4 dxc4 3. e4 e5 4. Nf3 exd4 5. Bxc4 Nc6 6. O-O Be6 7. Bb5 Bc5 8.
b4 Bb6 9. a4 a6 10. Bxc6+ bxc6 11. a5 Ba7 12. Bb2 Nf6 13. Bxd4 Bxd4 14. Nxd4
Qd6 15. e5 Qxe5 16. Nxe6 fxe6 17. Ra3 O-O 18. Re3 Qd6 19. Qc2 Nd5 20. Rh3 g6
21. Rg3 Nxb4 22. Qe2 Rf4 23. Nd2 Raf8 24. Nf3 R4f5 25. Qe4 c5 26. Re1 Nd3 27.
Qxe6+ Qxe6 28. Rxe6 Nf4 29. Re4 c4 30. Nd2 Rxa5 31. h4 Ra2 0-1

[Event "Open de Provence 2015 A"]
[Site "Salon de Provence"]
[Date "2015.07.04"]
[Round "6.3"]
[White "Kolb, Sebastien"]
[Black "Dudognon, Thibault"]
[Result "0-1"]
[WhiteElo "2077"]
[BlackElo "2164"]
[PlyCount "70"]
[EventDate "2015.??.??"]

1. e4 {[%emt 0:00:00]} c6 {[%emt 0:00:00]} 2. d4 d5 3. exd5 cxd5 4. c4 Nf6 5.
Nc3 Nc6 6. Bg5 dxc4 7. d5 Ne5 8. Qd4 h6 9. Qxe5 hxg5 10. Bxc4 a6 11. Nge2 b5
12. Bb3 Bb7 13. Qxg5 Rh5 14. Qf4 g6 15. Ng3 Rh7 16. O-O Bh6 17. Qb4 Kf8 18. a4
a5 19. Qxb5 Ba6 20. Qc5 Bxf1 21. Rxf1 Bf4 22. Qd4 Bd6 23. h3 Qb8 24. Nb5 Be5
25. Qe3 Kg7 26. Re1 Bd6 27. Bc4 Qb7 28. Nxd6 exd6 29. Nf5+ gxf5 30. Qg5+ Kf8
31. Qxf6 Qb4 32. Qe7+ Kg8 33. Bd3 Qf4 34. Re3 Rg7 35. Rf3 Qxf3 0-1

[Event "Open de Provence 2015 A"]
[Site "Salon de Provence"]
[Date "2015.07.04"]
[Round "6.4"]
[White "Merenciano, Alexandre"]
[Black "Baroyan, Davit"]
[Result "1-0"]
[WhiteElo "2188"]
[BlackElo "1978"]
[PlyCount "75"]
[EventDate "2015.??.??"]

1. e4 c5 2. Nf3 d6 3. Bb5+ Bd7 4. Bxd7+ Qxd7 5. O-O g6 6. e5 Bg7 7. Re1 d5 8.
d4 cxd4 9. Nxd4 e6 10. f4 Ne7 11. Nd2 a6 12. N2b3 Nbc6 13. Be3 Nxd4 14. Bxd4
O-O 15. g4 f6 16. Nc5 Qc8 17. Nxe6 Qxe6 18. exf6 Rxf6 19. Rxe6 Rxe6 20. Bxg7
Kxg7 21. Qd4+ Kf7 22. Rf1 Re4 23. Qb6 Rc8 24. Rf2 Rcc4 25. Qxb7 Rb4 26. Qxa6
Rxb2 27. h3 Rbb4 28. Qd6 Ra4 29. Qc7 Re1+ 30. Kg2 Ra6 31. f5 Rf6 32. fxg6+ hxg6
33. a4 Rxf2+ 34. Kxf2 Ra1 35. Qb7 Ra2 36. Qb3 Ra1 37. h4 Rh1 38. Qf3+ 1-0

[Event "Open de Provence 2015 A"]
[Site "Salon de Provence"]
[Date "2015.07.04"]
[Round "6.5"]
[White "Rayne, Remy"]
[Black "Jeanjean, Dominique"]
[Result "1-0"]
[WhiteElo "2181"]
[BlackElo "2077"]
[PlyCount "115"]
[EventDate "2015.??.??"]

1. d4 Nf6 2. c4 e6 3. Nc3 Bb4 4. e3 c5 5. Nge2 cxd4 6. exd4 d5 7. a3 Be7 8.
cxd5 exd5 9. Be3 O-O 10. Nf4 b6 11. Be2 Bb7 12. O-O Na6 13. Bf3 Nc7 14. Rc1 Re8
15. Re1 Bf8 16. Qb3 Qd7 17. g3 Rad8 18. a4 Ba6 19. Be2 Bxe2 20. Ncxe2 Bd6 21.
Nd3 Qh3 22. Nef4 Qf5 23. Ne5 Ne6 24. Nfd3 Qh3 25. f3 h5 26. Qc2 Qf5 27. Nxf7
Nxd4 28. Bxd4 Kxf7 29. Ne5+ Rxe5 30. Bxe5 Bc5+ 31. Kg2 Qxc2+ 32. Rxc2 d4 33.
Bxf6 Kxf6 34. Ra1 Ke5 35. Kf1 Kd5 36. Rd2 a5 37. b3 Re8 38. Re2 Rf8 39. f4 Bd6
40. Kg2 Rc8 41. Rd2 Bc5 42. Kf3 Re8 43. Re2 Rxe2 44. Kxe2 Ke4 45. Rc1 Ba3 46.
Rd1 g6 47. Rf1 Bd6 48. Kd1 h4 49. Re1+ Kf5 50. Kc2 h3 51. Kd3 Kg4 52. Ke4 Bc5
53. Rd1 Kh5 54. Rxd4 Ba3 55. Kf3 Bc5 56. Rd5+ Kh6 57. Rxc5 bxc5 58. Kg4 1-0

[Event "Open de Provence 2015 A"]
[Site "Salon de Provence"]
[Date "2015.07.04"]
[Round "6.6"]
[White "Faure, Alexandre"]
[Black "Busson, Benoist"]
[Result "1/2-1/2"]
[WhiteElo "2006"]
[BlackElo "1940"]
[PlyCount "26"]
[EventDate "2015.??.??"]

1. e4 Nc6 2. Nf3 e6 3. d4 d5 4. e5 Nge7 5. c3 Nf5 6. Bd3 Nh4 7. O-O Nxf3+ 8.
Qxf3 Bd7 9. Qh5 g6 10. Qg4 f5 11. exf6 Qxf6 12. Qf4 Qxf4 13. Bxf4 O-O-O 1/2-1/2